Greek lexicon of the Roman and Byzantine periods : from B.C. 146 to A.D. 1100

Αποθηκεύτηκε σε:
Λεπτομέρειες βιβλιογραφικής εγγραφής
Κύριος συγγραφέας: Sophocles, E. A. (Evangelinus Apostolides), 1807-1883
Μορφή: Βιβλίο
Γλώσσα:English
Δημοσίευση: Hildesheim : Georg Olms Verlag, 1992
Θέματα:
Ετικέτες: Προσθήκη ετικέτας
Δεν υπάρχουν, Καταχωρήστε ετικέτα πρώτοι!

MARC

LEADER 00000cam a2200000 i 4500
001 1/12685
008 971023s1992 eng d
020 |a 3-487-05765-4 
035 |1 ΠΑΡ  |a 1997  |l 10018719 
040 |a GR-MY-UA  |b gre  |e aacr 
041 0 |a eng 
082 0 |a 487.3 
100 1 |a Sophocles, E. A.   |q (Evangelinus Apostolides),   |d 1807-1883. 
245 1 0 |a Greek lexicon of the Roman and Byzantine periods :  |b from B.C. 146 to A.D. 1100 /  |c E. A. Sophocles 
260 |a Hildesheim :   |b Georg Olms Verlag,   |c 1992 
300 |a 1188 p. 
650 0 0 |a Greek language  |x Dictionaries  |x English. 
852 |a INST  |b LESVOS  |e 19971023  |h 487.3 ΕΥΑ  |p 005100015479  |q 005100015479  |t REF  |y 23 
909 |a Λ  |b 050746